L'uragano /

Uloženo v:
Podrobná bibliografie
Hlavní autor: Vidal, Gore (Autor)
Další autoři: La Bruna, Stanis
Médium: Kniha
Jazyk:italština
Vydáno: Milano : F. Elmo, stampa 1950
Edice:L'Olimpo
Tagy: Přidat tag
Žádné tagy, Buďte první, kdo vytvoří štítek k tomuto záznamu!

MARC

LEADER 00000nam a22000001i 4500
001 IT\ICCU\CUB\0663224
003 ItRI
005 20250313220628.0
008 980226s1950 it |||||| ||||| |||||c
015 |2 IT  |a 1951 1909 
024 7 0 |a 617970  |2 cubi 
040 |b ita  |c ARCIGAY RIMINI 
041 7 |a ita  |2 ISO-639-2 
082 |a 813.54  |2 21 
100 1 |a Vidal, Gore  |0 IT\ICCU\CFIV\041949  |4 aut 
240 1 0 |a Williwaw  |9 Vidal, Gore 
245 1 2 |a L'uragano /  |c Gore Vidal. 
260 |a Milano :  |b F. Elmo,  |c stampa 1950 
300 |a 262 p. 21 cm 
500 |a Trad. di Stanis La Bruna. 
700 1 |a La Bruna, Stanis  |0 IT\ICCU\RAVV\072526 
830 2 |a L'Olimpo  |0 IT\ICCU\RAV\0083980 
942 |2 ddc  |c BK 
952 |0 0  |1 0  |2 ddc  |4 0  |6 813_540000000000000_VID_URA  |7 1  |9 3663  |a RN  |b RN  |d 2025-03-13  |l 0  |o 813.54 VID URA  |p 10922  |r 2025-03-13 22:06:53  |w 2025-03-13  |x DONAZIONE DI GIOVANNI RIMONDINI  |y BK  |z DONAZIONE DI GIOVANNI RIMONDINI 
981 1 |6 z01  |a i   |b xxxe  
982 1 |6 z01  |a n 
999 |c 2853  |d 2853